00785nam a2200205 a 450000100100000000500170001000800410002702000150006804000250008308200150010810000280012324500490015126000330020030000350023350000420026804900090031095201190031995201240043899900170056200002018720200929170314.0100727s2004 cu ac 000 0 spa d a9592096015 aDO-SdBNPbspacBNPHU axxxbV145d1 aValdés, Martha94278210aDónde vive la música /cMartha Valdés. aLa Habana :bUnión,c2004. a196 p. :bil., retrs ;c22 cm. aIncluye notas al pie de las páginas aBNPD 001054708MOaGRbGRcCTd2010-07-27iLF1l0oxxx V145dp20187-10r2020-06-25w2020-06-25y4ZPréstamo en sala 001054728MOaGRbGRcCTd2010-07-27iLF1l0oxxx V145dp20187-20r2020-06-25te.2w2020-06-25y4ZPréstamo en sala c19694d19694